Tutti i piloti della storia della Haas F1 Team - Statistics

Statistiche generali
  • Questo quiz è stato fatto 28 volte
  • Il punteggio medio è 7 su 9
Statistiche sulle risposte
Anni corsi Pilota % Corretto
2017-20202022-2024 Magnussen
96%
2025 Ocon
92%
2024-2025 Bearman
88%
2016-2020 Grosjean
88%
2021-2022 Schumacher
88%
2023-2024 Hulkenberg
85%
2021 Mazepin
81%
2016 Gutiérrez
50%
2020 Fittipaldi
42%
Nessun quiz corrispondente trovato
Distribuzione punteggi
Percentuale di utenti per punteggio
Percentile per numero di risposta
I tuoi punteggi nel tempo
Non hai fatto questo quiz